Pokémon - Les attaques de Ymphect - Statistiques

Statistiques générales
  • Ce quiz a été pris 11 fois
  • Le résultat moyen est 12 sur 17
Statistiques - réponses
Niveaux Types Noms des attaques % Correct
Niveau 37 Roche Lame de Roc
100%
Départ Normal Charge
83%
Niveau 15 Roche Éboulement
83%
Départ Roche Jet-Pierres
83%
Niveau 27 Ténèbres Mâchouille
83%
Niveau 9 Ténèbres Morsure
83%
Niveau 33 Sol Séisme
83%
Niveau 12 Normal Grimace
67%
Niveau 21 Normal Grincement
67%
Départ Normal Groz'Yeux
67%
Départ Évolution Acier Mur de Fer
67%
Départ Ténèbres Représailles
67%
Niveau 47 Roche Tempête de Sable
67%
Niveau 18 Sol Trépignement
67%
Niveau 52 Normal Ultralaser
67%
Niveau 24 Ténèbres Vibrobscur
67%
Niveau 42 Normal Mania
33%
Aucun quiz correspondant
Distribution des résultats
% des personnes avec chaque résultat
Percentile par nombre de réponses
Votre historique - résultats
Vous n’avez pas pris ce quiz